000 00302nam a22001457a 4500
003 SGT
082 _a616.89
_bP17G
100 _aGABBARD, GLEN O.
245 _aPSYCHODYNAMIC PSYCHIATRY
250 _a5TH
260 _aINDIA
_bCBS
_c2017
300 _a639
650 _aPSYCHIATRY
942 _2ddc
_cBK
999 _c14530
_d14530